| 000 -CABECERA |
| fixed length control field |
01044nam a22002417a 4500 |
| 003 - IDENTIFICADOR DEL NÚMERO DE CONTROL |
| control field |
AR-CdUCM |
| 008 - DATOS DE LONGITUD FIJA--INFORMACIÓN GENERAL |
| fixed length control field |
190312b ||||| |||| 00| 0 spa d |
| 040 ## - FUENTE DE LA CATALOGACIÓN |
| Agencia/entidad que catalogó originalmente la obra |
MUNICIPALIDAD PROVINCIAL DEL CUSCO |
| Entidad que transcribió la catalogación |
BIBLIOTECA MUNICIPAL DEL CUSCO |
| 082 ## - NÚMERO DE LA CLASIFICACIÓN DECIMAL DEWEY |
| No. de Clasificación |
354.8 / |
| Notacion interna |
C43 |
| 110 ## - ENTRADA PRINCIPAL--NOMBRE DE ENTIDAD CORPORATIVA |
| Nombre de la institución, jurisdicción como entrada principal |
Centro interamericano de administración del trabajo CIAT |
| 9 (RLIN) |
43474 |
| 245 ## - MENCIÓN DE TÍTULO |
| Título |
Administración del trabajo / |
| 246 ## - FORMA VARIANTE DE TÍTULO |
| Título propiamente dicho/Título corto |
Serie de documentos, SD/82/2 |
| 260 ## - PUBLICACIÓN, DISTRIBUCIÓN, ETC. |
| Lugar de publicación, distribución, etc. |
Lima : |
| Nombre de la editorial, distribuidor, etc. |
OIT, |
| Fecha de publicación, distribución, etc. |
1979. |
| 300 ## - DESCRIPCIÓN FÍSICA |
| Dimensiones |
30 cm. |
| 440 ## - MENCIÓN DE SERIE/PUNTO DE ACCESO ADICIONAL--TÍTULO |
| Título |
Lecturas seleccionadas |
| 9 (RLIN) |
43475 |
| 505 ## - NOTA DE CONTENIDO CON FORMATO |
| Nota de contenido formateada |
Contenido : t.2 : Administración pública -- Desarrollo nacional -- Análisis de la organización -- Estructura orgánica -- t.3 :Elementos de administración del trabajo -- Servicio de la administración del trabajo: Empleo y recursos humanos -- El caso Peruano... |
| 650 ## - PUNTO DE ACCESO ADICIONAL DE MATERIA--TÉRMINO DE MATERIA |
| Descriptor |
Administración del trabajo |
| 9 (RLIN) |
43476 |
| 650 ## - PUNTO DE ACCESO ADICIONAL DE MATERIA--TÉRMINO DE MATERIA |
| Descriptor |
Administración pública |
| 9 (RLIN) |
21013 |
| 650 ## - PUNTO DE ACCESO ADICIONAL DE MATERIA--TÉRMINO DE MATERIA |
| Descriptor |
Estadística laboral |
| 9 (RLIN) |
8852 |
| 942 ## - ELEMENTOS DE PUNTO DE ACCESO ADICIONAL (KOHA) |
| Fuente de clasificación |
|
| Tipo de item |
Libros-BMC |
| 945 ## - PROCESAMIENTO DE INFORMACIÓN LOCAL (OCLC) |
| Catalogador |
rcc |